Teoría y realidad

Guardat en:
Dades bibliogràfiques
Autor principal: Bunge, Mario (Autor)
Format: Llibre
Idioma:espanyol
Publicat: Barcelona Ariel 1972
Col·lecció:Ariel quincenal, 75
Matèries:
Etiquetes: Afegir etiqueta
Sense etiquetes, Sigues el primer a etiquetar aquest registre!

MARC

LEADER 00000nam a2200000 a 4500
001 UCY5701
003 CL-VaPUC
008 950512e19720000SP |||||||||||||||||spa|d
082 0 4 |a 501  |b BUN  |2 21 
100 0 |a Bunge, Mario  |e author  |9 334806 
245 1 0 |a Teoría y realidad 
300 |a 301 p 
942 |c BK 
945 |d 19950512 00:00:00  |a cmena 
260 |a Barcelona  |b Ariel  |c 1972 
650 0 |a Filosofía de las ciencias  |9 256466 
650 0 |a Investigación científica  |9 259857 
650 0 |a Investigación y desarrollo (I+D)  |9 324714 
650 0 |a Desarrollo científico  |9 259799 
583 |a last modification  |c 20160929 07:46:43  |k Rodrigo Vera 
490 0 |a Ariel quincenal, 75 
999 |c 233328  |d 233326 
952 |0 0  |1 0  |4 0  |6 501_000000000000000_BUN_1972  |7 0  |8 P  |9 238763  |a BIBEDU  |b BIBEDU  |c BIBEDU_PB  |d 2019-11-18  |i 1500260  |o 501 BUN 1972  |p 1500260  |r 2024-01-25  |w 2019-11-18  |y BK  |k EDU 
952 |0 0  |1 0  |4 0  |6 501_000000000000000_BUN_1972  |7 0  |8 P  |9 238764  |a BIBEDU  |b BIBEDU  |c BIBEDU_PB  |d 2019-11-18  |i 1502042  |o 501 BUN 1972  |p 1502042  |r 2024-01-25  |w 2019-11-18  |y BK  |k EDU 
952 |0 0  |1 0  |4 0  |6 501_000000000000000_BUN_1972  |7 0  |8 P  |9 238765  |a BIBDER  |b BIBDER  |d 2019-11-18  |i 3918971  |o 501 BUN 1972  |p 3918971  |r 2023-01-25  |w 2019-11-18  |y BK  |k DER 
952 |0 0  |1 0  |4 0  |6 501_000000000000000_BUN_1972  |7 0  |8 A  |9 238766  |a FDOPOS  |b FDOPOS  |d 2019-11-18  |i 431672K  |o 501 BUN 1972  |p 431672K  |r 2025-01-22  |w 2019-11-18  |y BK  |k MLA